Portimão (Registo nº 3802)

Detalhes MARC
000 -Etiqueta do registo
Cabeçalho 00815nam0a2200253 4500
005 - Identificador da versão
Campo de controlo 20240813122044.0
021 ## - Número do Depósito Legal
Código do país PT
Número 217533/04
100 ## - Dados gerais de processamento
Dados gerais de processamento 20100507d2004 m y0pory5003 ba
102 ## - Pais de publicação ou produção
País de publicação Portugal
101 0# - Língua de publicação
Língua do texto, banda sonora, etc. Português
215 ## - Descrição física 
Indicação específica da natureza do documento e extensão da espécie 80 p.
Outras indicações físicas todo il. color
200 1# - Titulo e menção de responsabilidade
Título próprio Portimão
Informação de outro título seus varões e sua história
Primeira menção de responsabilidade textos e desenhos de Júlio Amaro
210 ## - Publicação, Distribuição, etc. 
Lugar da edição, distribuição, etc. [Portimão]
Nome do editor, distribuidor, etc. J. Amaro
Data da publicação, distribuição, etc. 2004
606 ## - Nome comum usado como assunto
Número de registo de entrada de autoridade 0001779
Palavra de ordem Literatura portuguesa
Subdivisão de assunto Banda desenhada
Código do sistema CA
Número de registo de entrada de autoridade 0001784
Palavra de ordem Portimão
Subdivisão de assunto História
-- Banda desenhada
Código do sistema CA
675 ## - Classificação Decimal Universal (CDU)
Notação 908(469.601)(084.11)
Edição 3ª ed.
Língua da edição por
Notação 821.134.3(084.11) (469.601)
Edição 3ª ed.
Língua da edição por
702 #1 - Nome de autor-pessoa física (responsabilidade secundária)
Número de registo de entrada de autoridade 0000232
Palavra de ordem Amaro
Outra parte do nome não tomada para palavra de ordem Júlio
Código de função Ilustrador / Técnico de desenho computorizado
700 #1 - Nome de autor-pessoa física (responsabilidade principal)
Número de registo de entrada de autoridade 0000232
Palavra de ordem Amaro
Outra parte do nome não tomada para palavra de ordem Júlio
966 ## - Identificação da Biblioteca
Sigla EBVEN
942 ## - Elementos de entrada adicionados (Koha)
Tipo de item no Koha Livro
Exemplares
Situação do levantamento Origin of item (home branch) (coded) Biblioteca de empréstimo Código de barras Cota Circulation type (not for loan) Tipo de documento Nota do exemplar Damaged status
  Biblioteca Escolar das Vendas Biblioteca Escolar das Vendas BEV984 8BD AMA   Livro Sem mensagem  
  Biblioteca Escolar das Vendas Biblioteca Escolar das Vendas BEV985 8BD AMA   Livro Sem mensagem  
  Biblioteca Escolar das Vendas Biblioteca Escolar das Vendas BEV983 8BD AMA   Livro Sem mensagem